书目信息 |
| 题名: |
会计入门真账模仿
|
|
| 作者: | 窦慧筠 著 | |
| 分册: | ||
| 出版信息: | 广州 广东经济出版社 2009.01 |
|
| 页数: | 309页 | |
| 开本: | 21cm | |
| 丛书名: | 会计入门超级培训丛书 | |
| 单 册: | ||
| 中图分类: | F231 | |
| 科图分类: | ||
| 主题词: | 会计方法 | |
| 电子资源: | ||
| ISBN: | 978-7-80728-207-5 | |
| 000 | 00841nam 2200265 450 | |
| 001 | 012010610432 | |
| 005 | 20100802115635.04 | |
| 009 | 012004323446 | |
| 010 | @a978-7-80728-207-5@dCNY23.00 | |
| 100 | @a20100515d2009 em y0chiy0110 ea | |
| 101 | 0 | @achi |
| 102 | @aCN@b440000 | |
| 105 | @ay z 000yy | |
| 200 | 1 | @a会计入门真账模仿@Akuai ji ru men zhen zhang mo fang@f窦慧筠著 |
| 205 | @a修订版 | |
| 210 | @a广州@c广东经济出版社@d2009.01 | |
| 215 | @a309页@d21cm | |
| 225 | 2 | @a会计入门超级培训丛书@v3 |
| 330 | @a本书为读者们提供了一个会计工作的样板。它以记账实务为重点,前后分别加入了基础的会计理论和会计的后续工作,如会计报表的编制和纳税问题。 | |
| 410 | 0 | @12001 @a会计入门超级培训丛书@v3 |
| 606 | 0 | @a会计方法 |
| 690 | @aF231@v4 | |
| 701 | 0 | @a窦慧筠@Adou hui yun@4著 |
| 801 | 0 | @aCN@c20100515 |
| 905 | @dF231@eD772=2@f3 | |
| 会计入门真账模仿/窦慧筠著.-修订版.-广州:广东经济出版社,2009.01 |
| 309页;21cm.-(会计入门超级培训丛书;3) |
| ISBN 978-7-80728-207-5:CNY23.00 |
| 本书为读者们提供了一个会计工作的样板。它以记账实务为重点,前后分别加入了基础的会计理论和会计的后续工作,如会计报表的编制和纳税问题。 |
| ● |
| 相关链接 |
|
|
|
正题名:会计入门真账模仿
索取号:F231/D772=2
 
预约/预借
| 序号 | 登录号 | 条形码 | 馆藏地/架位号 | 状态 | 备注 |
| 1 | 994473 | 209944738 | 社科库409/ [索取号:F231/D772=2] | 在馆 | |
| 2 | 994474 | 209944747 | 社科库409/409社科库 75排4列4层/ [索取号:F231/D772=2] | 在馆 | |
| 3 | 994475 | 209944756 | 社科库409/409社科库 75排4列4层/ [索取号:F231/D772=2] | 在馆 |